| 000 | 00510nam a22001817a 4500 | ||
|---|---|---|---|
| 003 | CEME | ||
| 005 | 20210628204204.0 | ||
| 008 | 210121b xxu||||| |||| 00| 0 eng d | ||
| 020 | _a81-203-2265-7 | ||
| 040 | _cceme | ||
| 082 | _a660.2815 BEQ | ||
| 100 |
_aBequette , B. Wayne _969195 |
||
| 245 | _aProcess control, modeling design and simulation | ||
| 260 |
_aNEW DELHI _bPRENTICE HALL _c2003 |
||
| 300 | _aXXIX,768P | ||
| 650 |
_aPROCESS CONTROL MODELING DESIGN AND SIMULATION _969196 |
||
| 942 |
_cBK _2ddc |
||
| 999 |
_c576569 _d576569 |
||